|
|
|
|
| LEADER |
02286nam a22003857a 4500 |
| 001 |
39233 |
| 003 |
BD-DhAAL |
| 008 |
220725t2022 caua ob 000 0 eng d |
| 999 |
|
|
|c 44604
|d 44604
|
| 020 |
|
|
|a 9781636392288
|
| 040 |
|
|
|a BD-DhAAL
|c BD-DhAAL
|
| 082 |
|
|
|a 005
|2 23
|
| 100 |
|
|
|a Lin, Jimmy,
|d 1979-
|e author.
|9 50219
|
| 245 |
|
|
|a Pretrained transformers for text ranking :
|b BERT and beyond /
|c Jimmy Lin, Rodrigo Nogueira, Andrew Yates.
|
| 260 |
|
|
|a [San Rafael, California] :
|b Morgan et Claypool Publishers,
|c c2022.
|
| 300 |
|
|
|a xiii, 307 pages :
|b color illustrations ;
|c 24 cm.
|
| 490 |
|
|
|a Synthesis lectures on human language technologies,
|x 1947-4059 ;
|v 53
|
| 504 |
|
|
|a Includes bibliographical references.
|
| 526 |
|
|
|a CSE
|
| 541 |
|
|
|a Book Finder International
|e 39233, 39234, 39235, 39236, 39237
|
| 650 |
|
|
|a Text processing (Computer science).
|9 50220
|
| 650 |
|
|
|a Information storage and retrieval systems.
|9 50221
|
| 650 |
|
|
|a Word Processing.
|9 50222
|
| 650 |
|
|
|a Information Systems.
|9 50223
|
| 650 |
|
|
|a Computer science.
|9 50224
|
| 700 |
|
|
|a Nogueira, Rodrigo
|9 50225
|
| 700 |
|
|
|a Yates, Andrew
|9 50226
|
| 830 |
|
|
|a Synthesis lectures on human language technologies, 1947-4059 ; 53
|9 50227
|
| 852 |
|
|
|a Ayesha Abed Library
|c General Stacks
|
| 942 |
|
|
|2 ddc
|c BK
|
| 952 |
|
|
|0 0
|1 0
|2 ddc
|4 0
|6 005_000000000000000_LIN
|7 0
|9 71306
|a BRACUL
|b BRACUL
|c GEN
|d 2022-07-21
|e Book Finder International
|g 6675.56
|l 0
|o 005 LIN
|p 3010039236
|r 2022-07-21
|t 4
|v 6675.56
|w 2022-07-21
|y BK
|
| 952 |
|
|
|0 0
|1 0
|2 ddc
|4 0
|6 005_000000000000000_LIN
|7 0
|9 71307
|a BRACUL
|b BRACUL
|c GEN
|d 2022-07-21
|e Book Finder International
|g 6675.56
|l 2
|m 16
|o 005 LIN
|p 3010039235
|r 2025-09-02
|s 2025-09-02
|t 3
|v 6675.56
|w 2022-07-21
|y BK
|
| 952 |
|
|
|0 0
|1 0
|2 ddc
|4 0
|6 005_000000000000000_LIN
|7 0
|9 71308
|a BRACUL
|b BRACUL
|c GEN
|d 2022-07-21
|e Book Finder International
|g 6675.56
|l 0
|o 005 LIN
|p 3010039233
|r 2022-07-21
|t 1
|v 6675.56
|w 2022-07-21
|y BK
|
| 952 |
|
|
|0 0
|1 0
|2 ddc
|4 0
|6 005_000000000000000_LIN
|7 0
|9 71309
|a BRACUL
|b BRACUL
|c GEN
|d 2022-07-21
|e Book Finder International
|g 6675.56
|l 0
|o 005 LIN
|p 3010039237
|r 2022-07-21
|t 5
|v 6675.56
|w 2022-07-21
|y BK
|
| 952 |
|
|
|0 0
|1 0
|2 ddc
|4 0
|6 005_000000000000000_LIN
|7 0
|9 71310
|a BRACUL
|b BRACUL
|c GEN
|d 2022-07-21
|e Book Finder International
|g 6675.56
|l 0
|o 005 LIN
|p 3010039234
|r 2022-07-21
|t 2
|v 6675.56
|w 2022-07-21
|y BK
|